Informe taller internacional sobre investigaciones en áreas silvestres protegidas (Registro nro. 1562)

Detalles MARC
000 -CABECERA
Campo de control 00734nam a2200193 a 4500
005 - FECHA Y HORA DE LA ULTIMA TRANSACCION
Campo de control 20200104041522.0
008 - ELEMENTOS DE LONGITUD FIJA—INFORMACION GENERAL
Campo de control 140228b1989 ||||gr|||| 00| 0 spa d
040 ## - FUENTE DE CATALOGACIÓN
Agencia catalogadora original CO-BoIAVH
Agencia transcriptora CO-BoIAVH
041 ## - IDIOMA
Código de idioma para texto/pista de sonido o título separado Español
082 #4 - NUMERO DE CLASIFICACION DECIMAL DEWEY
Número de clasificación 333.782
Número del ítem I43t
111 2# - ASIENTO PRINCIPAL--NOMBRE DE REUNION
Nombre de reunión o de jurisdicción como elemento de entrada Taller Internacional sobre Investigaciones en áreas silvestres protegidas
Lugar de la reunión Islas Galápagos
Fecha de la reunión 1989
245 1# - MENCION DE TITULO
Título Informe taller internacional sobre investigaciones en áreas silvestres protegidas
Parte restante del título islas Galápagos, Ecuador 19 al 25 de marzo de 1989
260 ## - PUBLICACION, DISTRIBUCION, ETC. (PIE DE IMPRENTA)
Lugar de publicación, distribución, etc. Islas Galápagos
Nombre del editor, distribuidor, etc. FAO
-- PNUMA
Fecha de publicación, distribución, etc. 1989
300 ## - DESCRIPCION FISICA
Extensión 34 paginas.
Dimensiones 25 x 17 cm
650 #4 - ASIENTO SECUNDARIO DE MATERIA - TERMINO TEMATICO
Término temático o nombre geográfico como elemento de entrada Investigación científica
650 #4 - ASIENTO SECUNDARIO DE MATERIA - TERMINO TEMATICO
Término temático o nombre geográfico como elemento de entrada Areas protegidas
662 ## - ASIENTO SECUNDARIO DE MATERIA - JERARQUIA DEL NOMBRE DE LUGAR(
Jurisdicción política intermedia América Latina
942 ## - ELEMENTOS ADICIONALES (KOHA)
Tipo de ítem Libro
Sistema de clasificación Dewey Decimal Classification
Existencias
Withdrawn status Lost status Sistema de Clasificación Damaged status No para préstamo Colección Inventariado Ubicación Permanente Ubicación actual Fecha de adquisición Fuente de Valor Valor Total Checkouts Número topográfico Inventario / Código de Barras Date last seen Ejemplar Price effective from Forma de adquisición Tipo de material
    Dewey Decimal Classification     General Inventariado 2017 Bogotá Bogotá 05/04/2000 Instituto 50000.00   LB-333.782 I43t 002149 04/12/2012 Ej. 1 04/12/2012   Libro